[Event "Cali Masificacion op U2050"]
[Site "Cali"]
[Date "2021.12.29"]
[Round "7"]
[White "Villaquiran, Miguel"]
[Black "Salguero, Miguel Angel"]
[Result "1-0"]
[WhiteElo "1756"]
[BlackElo "1252"]
[PlyCount "75"]
[EventDate "2021.12.26"]
[EventType "swiss"]
[EventRounds "7"]
[EventCountry "COL"]
[SourceTitle "CBM 205 Extra"]
[Source "ChessBase"]
[SourceDate "2022.01.31"]
[SourceVersion "1"]
[SourceVersionDate "2022.01.31"]
[SourceQuality "1"]

1. d4 Nf6 2. c4 d6 3. Nc3 g6 4. Nf3 Bg7 5. g3 0-0 6. Bg2 Nbd7 7. 0-0 e5 8. e3 Re8 9. b3 c6 10. Bb2 Qc7 11. Qc2 exd4 12. exd4 Nf8 13. Nh4 Bd7 14. h3 Qc8 15. Kh2 g5 16. Nf3 g4 17. hxg4 Nxg4+ 18. Kg1 Bf5 19. Qd1 Ng6 20. Nh2 h5 21. Nxg4 Bxg4 22. f3 Bh3 23. Ne4 Bxg2 24. Kxg2 h4 25. Nxd6 Qc7 26. c5 hxg3 27. Qd2 Re6 28. Rae1 Nh4+ 29. Kh3 Rh6 30. Qxh6 Bxh6 31. Kxh4 Qd8+ 32. Kxg3 Qg5+ 33. Kh3 Kh7 34. Re4 Rg8 35. Rg4 Qd2 36. Ne4 Rxg4 37. Nxd2 Rg6 38. Ne4 1-0

[Event "Cali Masificacion op U2050"]
[Site "Cali"]
[Date "2021.12.27"]
[Round "3"]
[White "Salguero, Miguel Angel"]
[Black "Gonzalez, Robert1111"]
[Result "0-1"]
[WhiteElo "1252"]
[BlackElo "1988"]
[PlyCount "48"]
[EventDate "2021.12.26"]
[EventType "swiss"]
[EventRounds "7"]
[EventCountry "COL"]
[SourceTitle "CBM 205 Extra"]
[Source "ChessBase"]
[SourceDate "2022.01.31"]
[SourceVersion "1"]
[SourceVersionDate "2022.01.31"]
[SourceQuality "1"]

1. d4 Nf6 2. c4 e6 3. Nf3 d5 4. g3 c6 5. Bg2 Bb4+ 6. Nbd2 dxc4 7. Qc2 b5 8. 0-0 Bb7 9. b3 cxb3 10. Qxb3 Qe7 11. a3 Ba5 12. a4 a6 13. Ba3 Qc7 14. e4 Nbd7 15. e5 Nd5 16. Ne4 b4 17. Nd6+ Ke7 18. Bb2 Rab8 19. Rab1 Bb6 20. Nc4 a5 21. Rfc1 Ba8 22. Nfd2 Qa7 23. Qd3 h6 24. Ne4 Rhc8 0-1

[Event "COL-ch"]
[Site "Palmira"]
[Date "2017.05.21"]
[Round "10"]
[White "Pena Mora, Carlos"]
[Black "Salguero, Miguel Angel"]
[Result "1-0"]
[WhiteElo "1542"]
[BlackElo "1500"]
[PlyCount "71"]
[EventDate "2017.05.15"]
[EventType "swiss"]
[EventRounds "10"]
[EventCountry "COL"]
[SourceTitle "CBM 178 Extra"]
[Source "ChessBase"]
[SourceDate "2017.06.22"]
[SourceVersion "1"]
[SourceVersionDate "2017.06.22"]
[SourceQuality "1"]

1. d4 d5 2. Nf3 Nf6 3. c4 e6 4. c5 Nbd7 5. Nc3 b6 6. b4 Bb7 7. Bf4 a6 8. a4 Be7 9. e3 0-0 10. Rc1 Ne4 11. Bd3 Ndf6 12. h3 h6 13. 0-0 Re8 14. Ne5 Rc8 15. c6 Ba8 16. Bxa6 Rb8 17. Qb3 Nd2 18. Qb2 Nxf1 19. Bxf1 Qd6 20. b5 Qa3 21. Qc2 Bb4 22. Nb1 Qa1 23. Bd3 Ba3 24. Rf1 Qb2 25. Nd2 Qxc2 26. Bxc2 Bd6 27. Rc1 Bxe5 28. Bxe5 Nh7 29. Bxc7 Rbc8 30. Bxb6 Red8 31. Bxd8 Rxd8 32. b6 Bxc6 33. Bxh7+ Kxh7 34. Rxc6 Ra8 35. b7 Rb8 36. Rc7 1-0